Manual of emergency and critical care ultrasound (Registro nro. 38159)
[ vista simple ]
| 000 -ENCABEZADO | |
|---|---|
| Número de control [NR] | 00844nam a2200241Ia 4500 |
| 005 - FECHA Y HORA DE LA ÚLTIMA TRANSACCIÓN | |
| control field | 20211110133232.0 |
| 008 - DE LONGITUD FIJA DE DATOS DE ELEMENTOS - INFORMACIÓN GENERAL | |
| Elementos de longitud fija [NR] | 130821s2011 xxuao grff eng |
| 020 ## - NUMERO INTERNACIONAL NORMALIZADO PARA LIBROS [R] | |
| Número Internacional Normalizado del libro [NR] | 9780521170918 |
| 040 ## - FUENTE DE CATALOGACION [NR] | |
| Agencia de catalogación original [NR] | Co-BoUCM |
| Idioma de catalogación [NR] | spa |
| Quien Cataloga | Saul Niño (Modificó) |
| Quien Clasifica | [Nuevo] |
| 041 00 - CODIGO DE IDIOMA [R] | |
| Código de idioma para texto/pista de sonido o título separado [R] | Inglés |
| 060 ## - SIGNATURA TOPOGRAFICA DE LA BIBLIOTECA NACIONAL DE MEDICINA (NLM) [R] | |
| Número clasificador [R] | WN 208 |
| 110 1# - ASIENTO PRINCIPAL--NOMBRE CORPORATIVO [NR] | |
| Nombre corporativo o de jurisdicción como elemento de entrada [NR] | Noble, Vicki E. |
| ID de autoridad | 92135 |
| 245 10 - MENCION DE TITULO [NR] | |
| Título [NR] | Manual of emergency and critical care ultrasound |
| Mención de responsabilidad, etc. [NR] | Vicki E. Noble, Bret P. Nelson. |
| 250 ## - MENCION DE EDICION [NR] | |
| Mención de edición [NR] | 2nd. ed. |
| 260 ## - PUBLICACION, DISTRIBUCION, ETC. (PIE DE IMPRENTA) [R] | |
| Lugar de publicación, distribución, etc. [R] | Nueva York (Estados Unidos) |
| Nombre del editor, distribuidor, etc. [R] | Cambridge University Press |
| Fecha de publicación, distribución, etc. [R] | 2011 |
| 300 ## - DESCRIPCION FISICA [R] | |
| Extensión [R] | xi, 346 páginas |
| Otros detalles físicos [NR] | fotografías |
| 650 04 - ASIENTO SECUNDARIO DE MATERIA - TERMINO TEMATICO [R] | |
| Término temático o nombre geográfico como elemento de entrada [NR] | Cuidados intensivos (Medicina) |
| Subdivisión de forma [R] | Manuales |
| 9 (RLIN) | 70568 |
| 650 04 - ASIENTO SECUNDARIO DE MATERIA - TERMINO TEMATICO [R] | |
| Término temático o nombre geográfico como elemento de entrada [NR] | Ecografía |
| Subdivisión de forma [R] | Métodos |
| 9 (RLIN) | 13628 |
| 650 04 - ASIENTO SECUNDARIO DE MATERIA - TERMINO TEMATICO [R] | |
| Término temático o nombre geográfico como elemento de entrada [NR] | Medicina de urgencias |
| 9 (RLIN) | 19142 |
| 650 04 - ASIENTO SECUNDARIO DE MATERIA - TERMINO TEMATICO [R] | |
| Término temático o nombre geográfico como elemento de entrada [NR] | Radiología |
| 9 (RLIN) | 23065 |
| 700 1# - ASIENTO SECUNDARIO - NOMBRE PERSONAL [R] | |
| Nombre personal [NR] | Nelson, Bret P. |
| 9 (RLIN) | 92136 |
| 942 ## - ELEMENTOS DE ENTRADA AGREGADOS (KOHA) | |
| Tipo de ítem principal el descrito en 300a | Libro |
| Sistema de clasificación | NLM |
| Tema principal | Medicina |
| Edición | 2 |
| Clasificación | WN 208 |
| Parte restante de la signatura top. | N747m |
| Fecha de último préstamo | Total préstamos | Total Renewals | Signatura topográfica | Código de barras | Última vez visto | Volúmen / Fascículo | Ejemplar | Price effective from | Tipo de ítem | Perdido | Sistema de clasificación | Dañado | No prestable | Tipo de ítem específico | Suprimido | Ubicación habitual | Ubicación actual | Localización | Fecha de creación | Forma de adquisición | Costo |
|---|---|---|---|---|---|---|---|---|---|---|---|---|---|---|---|---|---|---|---|---|---|
| 29/04/2022 | 7 | 2 | WN 208 N747m | 200023062 | 01/12/2025 | 2a. Ed. | Ej.1 | 03/02/2013 | Libro | NLM | Libro | Hospital Universitario Mayor | Hospital Universitario Mayor | 9no piso | 28/02/2013 | Compra | 111500.00 |